000 00818nam a2200265 a 4500
001 BRL_1654
005 20190320211316.0
008 210414s1976----mx-ab#####---#000-0#spa-#
041 _aspa
044 _amx
050 4 _aF1411
_b.O45 1976
100 1 _aOliva de Coll, Josefina
_927546
245 1 0 _aLa resistencia indígena ante la conquista
_cpor Josefina Oliva de Coll.
250 _a2a ed. corregida
260 _aMéxico
_bSiglo xxi editores
_c1976
300 _a284 p.
_bil., mapas (blanco y negro)
_c18 cm.
440 0 _aHistoria
_92385
500 _aAu1864
500 _aIncluye índice de opositores
504 _aBibliografía: p. 276-281
650 1 4 _aTrato a los indígenas
_zAmérica Latina
_927547
650 1 4 _aIndígenas de América Latina
_xGuerras
_927548
902 _aGRL
942 _2lcc
_cB
999 _c10463
_d10463